艦これ実装航空母艦 - Statistics

General Stats
  • This quiz has been taken 29 times
    5 since last reset
  • The average score is 26 of 39
Answer Stats
Answer % Correct
赤城
100%
加賀
100%
蒼龍
100%
飛龍
100%
翔鶴
100%
瑞鶴
100%
天城
100%
鳳翔
100%
瑞鳳
100%
雲龍
80%
葛城
80%
大鳳
80%
龍鳳
80%
祥鳳
80%
飛鷹
80%
隼鷹
80%
Graf Zeppelin
80%
Saratoga
80%
龍驤
60%
千歳航
60%
千代田航
60%
大鷹
60%
雲鷹
60%
神鷹
60%
Ark Royal
60%
Gambier Bay
60%
Intrepid
60%
Lexington
60%
Wasp
60%
八幡丸
40%
鈴谷航改二
40%
熊野航改二
40%
Hornet
40%
Langley
40%
Ranger
40%
Victorious
40%
春日丸
20%
Aquila
20%
Glorious
20%
No matching quizzes found
Score Distribution
Percent of People with Each Score
Percentile by Number Answered
Your Score History
You have not taken this quiz since the last reset